El penalista Ideas, personajes y casos relevantes de nuestro Derecho Penal /

Bibliographic Details
Main Author: Nava Garcš, Alberto Enrique
Format: eBook
Language:Spanish
Published: Ciudad de Mx̌ico: Instituto de ciencias penales de Mx̌ico (INACIPE), 2018
Edition:Tercera edicin̤
Subjects:
Online Access:Acceso restringido

MARC

LEADER 00000nam a22000007a 4500
005 20190904230645.0
007 cr|||| |||
008 190904s2018 mx |||||s|||| 00||0 spa d
020 |a 978-607-8551-33-0 
035 |a 24743 
040 |a vLex 
090 |c 9399  |d 9399 
100 1 |a Nava Garcš, Alberto Enrique 
245 1 2 |a El penalista  |h [Recurso electrn̤ico] :  |b Ideas, personajes y casos relevantes de nuestro Derecho Penal /  |c Alberto Enrique Nava Garcš 
250 |a Tercera edicin̤ 
256 |a Servicio en ln̕ea 
260 |a Ciudad de Mx̌ico:  |b Instituto de ciencias penales de Mx̌ico (INACIPE),  |c 2018 
300 |a 1 recurso electrn̤ico 
506 1 |a Disponible solo en los productos indicados  |d vLex Global  |d vLex Global (Academic Edition, excluding Law Schools)  |d vLex Global (U.S. Academic Edition, Law Schools)  |d vLex Global (U.S. Academic Edition, excluding Law Schools)  |d vLex Global (Academic Edition, Law Schools) 
650 0 4 |a Derecho Penal  |z Mx̌ico 
740 0 |a vLex Libros (Servicio en ln̕ea) 
856 4 0 |u http://vlex.com/source/penalista-ideas-personajes-casos-relevantes-nuestro-derecho-penal-24743  |z Acceso restringido 
942 |c BOOK 
999 0 |a Criminal law